[Event "Omsk Summer op"]
[Site "Omsk"]
[Date "2013.06.09"]
[Round "2"]
[White "Ivaneko, Alexander"]
[Black "Gabdullin, Oleg"]
[Result "1/2-1/2"]
[WhiteElo "1795"]
[BlackElo "1908"]
[PlyCount "68"]
[EventDate "2013.06.08"]
[EventType "swiss"]
[EventRounds "9"]
[EventCountry "RUS"]
[SourceTitle "EXT 2014"]
[Source "ChessBase"]
[SourceDate "2013.11.20"]
[SourceVersion "1"]
[SourceVersionDate "2013.11.20"]
[SourceQuality "1"]

1. d4 d5 2. c4 e6 3. Nc3 Nf6 4. Bg5 Be7 5. e3 0-0 6. Nf3 c6 7. Bd3 dxc4 8. Bxc4 Nbd7 9. 0-0 Nd5 10. Bxe7 Qxe7 11. Rc1 Nxc3 12. Rxc3 e5 13. dxe5 Nxe5 14. Nxe5 Qxe5 15. Qe2 Bf5 16. Bd3 Rad8 17. Bxf5 Qxf5 18. Rd1 Rd5 19. Rcd3 Rfd8 20. Rxd5 Rxd5 21. e4 Qe6 22. f3 Rd6 23. b3 Kf8 24. Kf2 Ke7 25. Rxd6 Qxd6 26. g3 b5 27. f4 Qd4+ 28. Qe3 Qxe3+ 29. Kxe3 Kd6 30. Kd3 a5 31. a3 c5 32. g4 h6 33. h4 f6 34. h5 Ke6 1/2-1/2